Famous Rhodes Scholars - Statistics

General Stats
  • This quiz has been taken 22 times
  • The average score is 3 of 14
Answer Stats
Hint Answer % Correct
1968, Former President BIll Clinton
95%
1965, NBA player and Senator Bill Bradley
35%
1958, Me and Bobby Mcgee, Singer Kris Kristofferson
35%
2012, son of Woody Allen/Mia Farrow Ronan Farrow
35%
1992, Louisiana Govenor Bobby Jindal
30%
1985, Beauty Myth Author Naomi Wolf
30%
1995, MSNBC host, activist Rachel Maddow
25%
1910, Astronomer Edwin Hubble
15%
2008, Florida State Football player Myron Rolle
10%
1978, Southern Cal, QB, Athletic Director Pat Haden
10%
1984, advisor to above, TV host George Stephanopoulus
5%
1931, Secretary of State 1961-9 Dean Rusk
0%
1994, Apperentice, Season 4 Winner Randal Pinkett
0%
1966, Thin Red line, Badlands Director Terrence Malik
0%
No matching quizzes found
Score Distribution
Percent of People with Each Score
Percentile by Number Answered
Your Score History
You have not taken this quiz